|
|
|
|
| LEADER |
00000nam2a2200000 4500 |
| 001 |
33621 |
| 005 |
20231101210158.0 |
| 035 |
|
|
|a (RuTPU)RU\TPU\book\33977
|
| 035 |
|
|
|a BOOK00000628
|
| 090 |
|
|
|a 33621
|
| 100 |
|
|
|a 20011210d1983 m y0rusy50 ca
|
| 101 |
0 |
|
|a rus
|
| 102 |
|
|
|a RU
|
| 105 |
|
|
|a y j 000zy
|
| 200 |
0 |
|
|a Т. 2: Обработка материалов с использованием высококонцентрированных источников энергии
|
| 210 |
|
|
|d 1983
|
| 215 |
|
|
|a 208 с.
|
| 461 |
|
1 |
|0 (RuTPU)RU\TPU\book\14236
|t Электрофизические и электрохимические методы обработки материалов
|o учебное пособие
|o в 2 т.
|f Б. А. Артамонов [и др.]
|g под ред. В. П. Смоленцева
|v Т. 2: Обработка материалов с использованием высококонцентрированных источников энергии
|d 1983
|
| 606 |
1 |
|
|a Металлообработка электрическая
|2 stltpush
|3 (RuTPU)RU\TPU\subj\42537
|9 62201
|
| 610 |
1 |
|
|a материалы
|
| 610 |
1 |
|
|a обработка
|
| 610 |
1 |
|
|a электрофизические методы
|
| 610 |
1 |
|
|a электрохимические методы
|
| 610 |
1 |
|
|a схемы
|
| 610 |
1 |
|
|a учебные пособия
|
| 675 |
|
|
|a 621.7.047/.048(075.8)
|v 3
|
| 801 |
|
0 |
|a RU
|b 63413507
|c 20011210
|g PSBO
|
| 801 |
|
2 |
|a RU
|b 63413507
|c 20220628
|g PSBO
|
| 900 |
|
|
|a Электротехнологические промышленные установки
|
| 900 |
|
|
|a Основы электротехнологии
|
| 900 |
|
|
|a Основы электротехнологий и электротехнологические процессы и аппараты
|
| 942 |
|
|
|c BK
|
| 952 |
|
|
|a 552700
|b 120700
|b 120000
|